000 00212nam a22001097a 4500
082 _a621.38152LAN
100 _aLander
245 _aPower Electronics
260 _aLondon
_c1981
300 _a386
942 _cBK
999 _c13761
_d13761